000
00308nam a2200133Ia 4500
100
_a
Murray/W.H
942
_c
RB
654
_a
80386/80286
245
_a
80386/80286 assembly language programming
260
_b
Osborne Mc graw Hill
_a
Singapore
_c
1986
082
_a
5.136
300
_a
548
546
_a
ENGLISH
999
_c
30454
_d
30454